Statistics for Italian baby boy names

Click here to take the quiz!

General Stats

  • This quiz has been taken 233 times
  • The average score is 16 of 35

Answer Stats

PositionBoy name% Correct
25Marco
75%
27Luca
74%
2Francesco
73%
11Matteo
72%
3Alessandro
70%
17Giovanni
70%
1Leonardo
63%
8Andrea
59%
15Antonio
57%
4Lorenzo
57%
18Pietro
52%
14Giuseppe
50%
5Mattia
50%
9Riccardo
50%
16Federico
49%
6Tommaso
48%
32Alessio
46%
21Davide
46%
13Nicolò
44%
29Gabriel
43%
23Michele
41%
33Simone
41%
10Edoardo
39%
22Christian
34%
19Filippo
33%
26Giulio
32%
7Gabriele
29%
12Diego
28%
20Samuele
28%
34Emanuele
27%
31Salvatore
25%
35Vincenzo
24%
30Elia
22%
28Gioele
17%
24Enea
15%

Score Distribution

Percentile by Number Answered

Percent of People with Each Score

Your Score History

You have not taken this quiz